[Event "7th EuropCh Women"]
[Site "Kusadasi / Turkey"]
[Date "2006.04.08"]
[Round "5"]
[Board "1"]
[White "Sedina, Elena"]
[Black "Smokina, Karolina"]
[Result "1-0"]
[WhiteElo "2373"]
[BlackElo "2252"]
[PlyCount "121"]
[EventDate "2006.04.04"]
[EventRounds "11"]
[EventCountry "AUT"]

1.e4 c5 2.Nf3 Nc6 3.Bb5 g6 4.O-O Bg7 5.c3 Nf6 6.Re1 O-O 7.e5 Nd5 8.d4 cxd4
9.cxd4 d6 10.Nc3 Nxc3 11.bxc3 a6 12.Bxc6 bxc6 13.h3 Be6 14.exd6 exd6 15.Bg5 Qd7
16.Qd2 f6 17.Bh6 Bd5 18.Nh2 Bxh6 19.Qxh6 Rae8 20.a3 f5 21.Nf1 f4 22.Nd2 Qf7
23.f3 Qf6 24.h4 c5 25.Qg5 Qxg5 26.hxg5 cxd4 27.cxd4 Rxe1+ 28.Rxe1 Rf5 29.Re7
Rxg5 30.Ra7 h5 31.Rxa6 h4 32.Kf2 Bf7 33.Ne4 Rb5 34.Rxd6 Ra5 35.Nc5 Rxa3 36.Rf6
Ra2+ 37.Kg1 h3 38.gxh3 Ra1+ 39.Kf2 Ra2+ 40.Ke1 Rh2 41.Rxf4 Rxh3 42.Kf2 Rh5
43.Nd7 Kg7 44.Re4 Rd5 45.Nc5 Rd6 46.Ke3 Kf8 47.Re5 Kg7 48.Re7 Kf8 49.Ra7 Kg7
50.Ne4 Rd5 51.f4 Kf8 52.Ng5 Bg8 53.Nh7+ Bxh7 54.Rxh7 Kg8 55.Rc7 Rd6 56.Ke4 Re6+
57.Kd5 Rf6 58.Ke5 Rf5+ 59.Ke4 Rf6 60.d5 Kf8 61.Rc6

[Event "7th EuropCh Women"]
[Site "Kusadasi / Turkey"]
[Date "2006.04.08"]
[Round "5"]
[Board "1"]
[White "Cherednichenko, Svetlana"]
[Black "Motoc, Alina"]
[Result "0-1"]
[WhiteElo "2238"]
[BlackElo "2342"]
[PlyCount "152"]
[EventDate "2006.04.04"]
[EventRounds "11"]
[EventCountry "AUT"]

1.d4 Nf6 2.c4 g6 3.Nc3 Bg7 4.e4 d6 5.Nf3 O-O 6.Be2 e5 7.O-O Nc6 8.d5 Ne7 9.Ne1
Nd7 10.Nd3 f5 11.Bd2 c5 12.f3 f4 13.g4 fxg3 14.hxg3 h5 15.Kg2 Nf6 16.Rh1 Rf7
17.Nf2 Qf8 18.Nh3 Bh6 19.Ng5 Bxg5 20.Bxg5 Nh7 21.Be3 Kh8 22.Qd2 Ng8 23.Rh4 Ngf6
24.Rah1 Qg8 25.Nb5 g5 26.Rxh5 Nxh5 27.Rxh5 Qg6 28.g4 Kg8 29.Kg3 Rg7 30.Bd1 Bd7
31.Nc3 Rf8 32.Qh2 Rf6 33.a3 Qf7 34.b4 b6 35.Qd2 Rgg6 36.bxc5 bxc5 37.Bxg5 Nxg5
38.Rxg5 Qh7 39.Rxg6+ Rxg6 40.Kf2 Qh1 41.Ke3 Qh3 42.Ke2 Bxg4 43.Ke3 Rf6 44.Qf2
Kf7 45.a4 a6 46.a5 Qh6+ 47.Kd3 Qh3 48.Ke3 Bd7 49.Be2 Qh1 50.Kd3 Bg4 51.Ke3 Qh6+
52.Kd3 Qf4 53.Qh4 Bxf3 54.Qh7+ Kf8 55.Qh8+ Ke7 56.Bxf3 Qxf3+ 57.Kc2 Rf8 58.Qh7+
Qf7 59.Qh3 Qf2+ 60.Kb3 Qf7 61.Ka4 Rb8 62.Nb5 axb5+ 63.cxb5 Kd8 64.Qh8+ Qe8
65.Qf6+ Kc7 66.Qg7+ Qd7 67.Qxd7+ Kxd7 68.b6 Kc8 69.Kb5 Kb7 70.a6+ Ka8 71.a7 Rb7
72.Kc6 c4 73.Kxd6 c3 74.Kxe5 c2 75.d6 c1=Q 76.Ke6 Qc8+

[Event "7th EuropCh Women"]
[Site "Kusadasi / Turkey"]
[Date "2006.04.08"]
[Round "5"]
[Board "1"]
[White "Kursova, Maria"]
[Black "Bensdorp, Marlies"]
[Result "1-0"]
[WhiteElo "2333"]
[BlackElo "2251"]
[PlyCount "147"]
[EventDate "2006.04.04"]
[EventRounds "11"]
[EventCountry "AUT"]

1.d4 d5 2.c4 c6 3.Nc3 Nf6 4.Nf3 dxc4 5.a4 Bf5 6.Ne5 Nbd7 7.Nxc4 Nb6 8.Ne5 a5
9.g3 e6 10.Bg2 Bb4 11.O-O O-O 12.Re1 Nfd7 13.e4 Bg6 14.Nxg6 hxg6 15.Qe2 Rc8
16.Rd1 Re8 17.h4 Qc7 18.Bf4 e5 19.dxe5 Nxe5 20.h5 gxh5 21.Qxh5 Qe7 22.Ne2 g6
23.Qg5 Qxg5 24.Bxg5 Kg7 25.b3 f6 26.Be3 Na8 27.Bh3 Rc7 28.Kg2 Rce7 29.f3 Nc7
30.Nf4 Kf7 31.Bb6 g5 32.Nd3 Nxd3 33.Rxd3 Ne6 34.Rc1 Ra8 35.Bg4 Rh8 36.Rdd1 Rh6
37.Rh1 Rxh1 38.Rxh1 Kg7 39.Rc1 Kf7 40.Rh1 Kg7 41.Bf5 Kg8 42.Rh6 Bc3 43.Kh3 Ng7
44.Bh7+ Kf7 45.Bg6+ Kg8 46.Kg4 Rd7 47.Rh2 Bb4 48.e5 fxe5 49.Kxg5 Ne6+ 50.Kf6 Nd4
51.Rf2 Rd6+ 52.Kxe5 Rxg6 53.Bxd4 Rxg3 54.Rh2 Kf7 55.Ke4 Be7 56.Be5 Rg1 57.f4 b5
58.Kf5 bxa4 59.bxa4 c5 60.Rh7+ Ke8 61.Ke6 Rg6+ 62.Kd5 Ra6 63.f5 Kf8 64.Rh8+ Kf7
65.Rc8 Rh6 66.Rc7 Ke8 67.Ra7 Bd8 68.Ra8 Kd7 69.Ra7+ Ke8 70.Bg7 Rh4 71.Ke6 Rxa4
72.Be5 Rb4 73.Rh7 Be7 74.Rxe7+

[Event "7th EuropCh Women"]
[Site "Kusadasi / Turkey"]
[Date "2006.04.08"]
[Round "5"]
[Board "1"]
[White "Umudova, Nargiz"]
[Black "Kadimova, Ilaha"]
[Result "1/2-1/2"]
[WhiteElo "2174"]
[BlackElo "2310"]
[PlyCount "72"]
[EventDate "2006.04.04"]
[EventRounds "11"]
[EventCountry "AUT"]

1.e4 c6 2.d4 d5 3.Nc3 dxe4 4.Nxe4 Nf6 5.Nxf6+ gxf6 6.c3 Bf5 7.Nf3 Qc7 8.g3 Nd7
9.Bg2 O-O-O 10.O-O e5 11.Be3 Kb8 12.Qe2 h5 13.Rfd1 Bd6 14.b4 e4 15.Nd2 Bg4 16.f3
exf3 17.Bxf3 Rdg8 18.Ne4 Ka8 19.Nxd6 Qxd6 20.Rf1 Qe6 21.Rae1 Bxf3 22.Rxf3 Re8
23.Rf2 Nb6 24.Bf4 Nd5 25.Qxe6 Rxe6 26.Bd2 b5 27.Rf5 Kb7 28.Kf2 Kc7 29.h4 Kd7
30.Kf3 Rxe1 31.Bxe1 Ke6 32.Ke4 Ne7 33.Rf2 Rg8 34.Re2 Nd5 35.Kd3+ Kd6 36.c4 bxc4+

[Event "7th EuropCh Women"]
[Site "Kusadasi / Turkey"]
[Date "2006.04.08"]
[Round "5"]
[Board "1"]
[White "Mkrtchian, Lilit"]
[Black "Pavlovskaya, Evgenia"]
[Result "1/2-1/2"]
[WhiteElo "2453"]
[BlackElo "2182"]
[PlyCount "128"]
[EventDate "2006.04.04"]
[EventRounds "11"]
[EventCountry "AUT"]

1.d4 d5 2.c4 e6 3.Nc3 Nf6 4.cxd5 exd5 5.Bg5 Be7 6.e3 c6 7.Bd3 Nbd7 8.Qc2 O-O
9.Nf3 Re8 10.O-O Nf8 11.h3 Ne4 12.Bf4 Nxc3 13.bxc3 Bd6 14.Bxd6 Qxd6 15.c4 dxc4
16.Bxc4 Be6 17.Bd3 f6 18.Rfc1 Rad8 19.Rab1 Bc8 20.Qa4 a6 21.Qc2 Kh8 22.Nd2 Qd5
23.Ne4 Qh5 24.Nc5 Re7 25.Qe2 Qxe2 26.Bxe2 g6 27.Bf3 Kg7 28.Rb2 Ne6 29.Nxe6+ Bxe6
30.Rcb1 Bc8 31.Rc1 Be6 32.Rcb1 Bc8 33.a4 h5 34.h4 Kf7 35.a5 Kg7 36.Rb4 f5 37.g3
Kf7 38.Rb6 Kg7 39.R1b2 Kf7 40.Be2 Kg7 41.Bc4 Kh7 42.Ba2 Kg7 43.Kg2 Kh7 44.Kf3
Kg7 45.Rc2 Kh7 46.Rc5 Kg7 47.Rc3 Kh7 48.Rc1 Kg7 49.Rc5 Kh6 50.Rb2 Kg7 51.Rbc2
Be6 52.Bxe6 Rxe6 53.d5 cxd5 54.Rc7+ Kf6 55.Rxb7 d4 56.exd4 Rxd4 57.Rb6 Rd3+
58.Kg2 Rxb6 59.axb6 Rb3 60.Rc6+ Kg7 61.Rc7+ Kf6 62.Rc6+ Kg7 63.Rc7+ Kf6 64.Rc6+
Kg7

[Event "7th EuropCh Women"]
[Site "Kusadasi / Turkey"]
[Date "2006.04.08"]
[Round "5"]
[Board "1"]
[White "Mira, Helene"]
[Black "Dzagnidze, Nana"]
[Result "0-1"]
[WhiteElo "2140"]
[BlackElo "2442"]
[PlyCount "84"]
[EventDate "2006.04.04"]
[EventRounds "11"]
[EventCountry "AUT"]

1.Nf3 Nf6 2.c4 e6 3.Nc3 d5 4.d4 Bb4 5.e3 c5 6.dxc5 Nc6 7.cxd5 exd5 8.Nd4 Bxc5
9.Be2 O-O 10.O-O Be6 11.Bf3 Rc8 12.Nxc6 bxc6 13.Qa4 Nd7 14.Qf4 Qe7 15.e4 d4
16.Ne2 Bd6 17.Qg5 f6 18.Qa5 c5 19.Bf4 Ne5 20.Bxe5 fxe5 21.Ng3 g6 22.b3 h5
23.Rfd1 h4 24.Nf1 Rxf3 25.gxf3 Qg5+ 26.Ng3 hxg3 27.hxg3 Qf6 28.Qa6 Be7 29.Rac1
Rf8 30.Rd3 g5 31.g4 Qf7 32.Rc2 Rc8 33.Kg2 Kg7 34.Rd1 Rf8 35.Qd3 a5 36.Rh1 a4
37.Rb2 Rb8 38.Qa6 c4 39.Qxa4 c3 40.Rbb1 Rf8 41.Rh3 Bxg4 42.Rg3 Bxf3+

[Event "7th EuropCh Women"]
[Site "Kusadasi / Turkey"]
[Date "2006.04.08"]
[Round "5"]
[Board "1"]
[White "Velcheva, Maria"]
[Black "Andersson, Christin"]
[Result "1-0"]
[WhiteElo "2279"]
[BlackElo "2170"]
[PlyCount "83"]
[EventDate "2006.04.04"]
[EventRounds "11"]
[EventCountry "AUT"]

1.e4 e6 2.d4 d5 3.Nd2 Nf6 4.e5 Nfd7 5.c3 c5 6.Bd3 Nc6 7.Ne2 cxd4 8.cxd4 Qb6
9.O-O Nxd4 10.Nxd4 Qxd4 11.Nf3 Qb6 12.Qa4 Qb4 13.Qc2 g6 14.a3 Qc5 15.Qa4 Bg7
16.Bd2 a5 17.Rac1 Qb6 18.Bb5 Ke7 19.Bg5+ f6 20.exf6+ Nxf6 21.Ne5 Rd8 22.Qh4 h6
23.Nxg6+ Kf7 24.Ne5+ Ke7 25.Bxh6 Bxh6 26.Qxh6 Rg8 27.a4 Qd6 28.Rfe1 d4 29.Qf4
Rg4 30.Rc7+ Bd7 31.Qxg4 Nxg4 32.Rxd7+ Qxd7 33.Nxd7 Rc8 34.h3 Nh6 35.Ne5 Rc2
36.Nd3 Kf6 37.g4 Nf7 38.Re4 e5 39.f4 exf4 40.Rxf4+ Ke6 41.h4 Rd2 42.Bc4+

[Event "7th EuropCh Women"]
[Site "Kusadasi / Turkey"]
[Date "2006.04.08"]
[Round "5"]
[Board "1"]
[White "Norinkeviciute, Rasa"]
[Black "Tsiganova, Monika"]
[Result "0-1"]
[WhiteElo "2106"]
[BlackElo "2267"]
[PlyCount "118"]
[EventDate "2006.04.04"]
[EventRounds "11"]
[EventCountry "AUT"]

1.e4 c6 2.d3 d5 3.Nd2 e5 4.Ngf3 Bd6 5.g3 Nf6 6.Bg2 O-O 7.O-O Re8 8.c3 a5 9.Re1
Nbd7 10.h3 Qc7 11.Qc2 a4 12.a3 h6 13.g4 Nf8 14.Nf1 Ng6 15.Ng3 Nf4 16.Bxf4 exf4
17.Nf5 Bf8 18.e5 Nh7 19.d4 Be6 20.Bf1 Ng5 21.N5h4 Be7 22.Nxg5 hxg5 23.Nf3 g6
24.Bd3 Kg7 25.Nh2 Rh8 26.Bf1 c5 27.Nf3 Qd7 28.Bg2 b6 29.Rad1 Rh6 30.Kf1 Rah8
31.Ng1 cxd4 32.Rxd4 Bc5 33.Rd2 d4 34.cxd4 Qb5+ 35.Ne2 Rxh3 36.Bxh3 Rxh3 37.dxc5
f3 38.Kg1 fxe2 39.Rdxe2 Qc6 40.Re4 Bxg4 41.R1e3 Bf3 42.Rxf3 Rxf3 43.Qxa4 Qxc5
44.Qd4 Rb3 45.Qxc5 bxc5 46.Re2 Kf8 47.Kf1 Ke7 48.Ke1 Ke6 49.Kd1 Rd3+ 50.Kc2 Rd5
51.Kc3 Rxe5 52.Rxe5+ Kxe5 53.Kc4 Kd6 54.Kb5 f5 55.a4 g4 56.a5 f4 57.a6 Kc7
58.Kc4 g3 59.Kd3 g2

[Event "7th EuropCh Women"]
[Site "Kusadasi / Turkey"]
[Date "2006.04.08"]
[Round "5"]
[Board "1"]
[White "Eckhardt, Claudia"]
[Black "Gilbert, Jessie"]
[Result "0-1"]
[WhiteElo "2260"]
[BlackElo "2144"]
[PlyCount "106"]
[EventDate "2006.04.04"]
[EventRounds "11"]
[EventCountry "AUT"]

1.d4 g6 2.Nf3 Bg7 3.g3 c5 4.d5 d6 5.Bg2 b5 6.a4 b4 7.c4 bxc3 8.Nxc3 Nf6 9.O-O
O-O 10.h3 Na6 11.Nd2 Nb4 12.Nc4 Ba6 13.Nb5 Rb8 14.e4 Nd7 15.Re1 Bxb5 16.axb5
Rxb5 17.Rxa7 Ne5 18.Nxe5 Bxe5 19.Qa4 Qb8 20.Bh6 Rc8 21.Rxe7 Nd3 22.Rb1 Nxb2
23.Qa6 Rb6 24.Qe2 Rc7 25.Rxc7 Qxc7 26.Kh2 c4 27.Be3 Rb8 28.f4 Bg7 29.e5 Nd3
30.Rxb8+ Qxb8 31.e6 f5 32.e7 Qe8 33.Bb6 Bf6 34.Bd8 Nc5 35.g4 Kf7 36.gxf5 c3
37.fxg6+ hxg6 38.f5 Be5+ 39.Kh1 Kg7 40.fxg6 Qxg6 41.Qf3 c2 42.e8=N+ Qxe8 43.Bg5
Qg6 44.h4 Qxg5 45.hxg5 c1=Q+ 46.Bf1 Qxg5 47.Bh3 Qg3 48.Qxg3+ Bxg3 49.Kg2 Bh4
50.Kf3 Kf6 51.Ke3 Ke5 52.Bg2 Bg5+ 53.Ke2 Nd7

[Event "7th EuropCh Women"]
[Site "Kusadasi / Turkey"]
[Date "2006.04.08"]
[Round "5"]
[Board "1"]
[White "Bensdorp, Laura"]
[Black "Andriasian, Siranush"]
[Result "0-1"]
[WhiteElo "2098"]
[BlackElo "2237"]
[PlyCount "77"]
[EventDate "2006.04.04"]
[EventRounds "11"]
[EventCountry "AUT"]

1.e4 c5 2.Nf3 d6 3.d4 cxd4 4.Nxd4 Nf6 5.Nc3 a6 6.Be3 e5 7.Nb3 Be6 8.f3 Be7 9.g4
d5 10.g5 d4 11.gxf6 Bxf6 12.Bf2 dxc3 13.Qxd8+ Bxd8 14.bxc3 Nd7 15.O-O-O Rc8
16.Kb2 O-O 17.Be2 Rc6 18.h4 Nb6 19.Bxb6 Bxb6 20.Nd2 Rfc8 21.c4 Be3 22.Bd3 h5
23.Rh2 g6 24.Re2 Bf4 25.Rg2 Kg7 26.Re2 Kh6 27.Rg2 Rb6+ 28.Kc3 Be3 29.Nb3 Rbc6
30.Kb2 Bxc4 31.Bxc4 Rxc4 32.Rd7 R8c7 33.Rd5 Bf4 34.Rd3 b6 35.Nc1 a5 36.Rb3 a4
37.Rd3 b5 38.Rd1 Rb4+ 39.Ka3

[Event "7th EuropCh Women"]
[Site "Kusadasi / Turkey"]
[Date "2006.04.08"]
[Round "5"]
[Board "1"]
[White "Aginian, Nelly"]
[Black "Kubikova, Alena"]
[Result "1-0"]
[WhiteElo "2333"]
[BlackElo "2098"]
[PlyCount "139"]
[EventDate "2006.04.04"]
[EventRounds "11"]
[EventCountry "AUT"]

1.e4 e6 2.d4 d5 3.exd5 exd5 4.c4 Nf6 5.Nc3 Be7 6.Nf3 O-O 7.Bd3 dxc4 8.Bxc4 Nbd7
9.O-O Nb6 10.Bb3 c6 11.Re1 Nbd5 12.Bg5 Be6 13.Ne5 Nc7 14.Bc2 g6 15.Qf3 Nfd5
16.Bh6 Re8 17.Rad1 Nxc3 18.bxc3 Bg5 19.Bxg5 Qxg5 20.Rb1 Bxa2 21.Rxb7 Qd2 22.Qd1
Qxd1 23.Rxd1 Nb5 24.Bd3 Nxc3 25.Rc1 Nb5 26.Nxc6 Nd6 27.Rd7 Nc8 28.Ra1 Be6 29.Rc7
Bd5 30.Ba6 Bxc6 31.Rxc6 Nb6 32.f3 Re7 33.Rd6 Rae8 34.Kf2 Rc7 35.Bb5 Rec8 36.h4
Kg7 37.Kg3 Re7 38.h5 Rec7 39.Rh1 h6 40.hxg6 fxg6 41.Re1 Kh7 42.Ree6 Rg8 43.Bd3
Rcg7 44.f4 Nc8 45.Ra6 Ne7 46.Kf3 Rd8 47.Rxa7 Nf5 48.Rxg7+ Kxg7 49.Bxf5 gxf5
50.Ke3 h5 51.Kd3 h4 52.Re5 Kf6 53.d5 Rg8 54.Re6+ Kf7 55.Re2 Ra8 56.Kd4 Ra4+
57.Ke5 Ke7 58.Kxf5+ Kd6 59.Rd2 Ra1 60.Kg4 Rh1 61.f5 Kd7 62.f6 Ke8 63.d6 Kd7
64.Rd4 Rg1 65.Rd2 h3 66.Kxh3 Rf1 67.Kg4 Rxf6 68.Kg5 Rxd6 69.Rxd6+ Kxd6 70.Kf6

[Event "7th EuropCh Women"]
[Site "Kusadasi / Turkey"]
[Date "2006.04.08"]
[Round "5"]
[Board "1"]
[White "Benderac, Ana"]
[Black "Isgandarova, Khayala"]
[Result "1-0"]
[WhiteElo "2293"]
[BlackElo "2104"]
[PlyCount "79"]
[EventDate "2006.04.04"]
[EventRounds "11"]
[EventCountry "AUT"]

1.d4 Nf6 2.c4 g6 3.Nc3 Bg7 4.e4 d6 5.f3 O-O 6.Be3 b6 7.Qd2 c5 8.d5 e6 9.dxe6
fxe6 10.O-O-O Ne8 11.f4 Nc6 12.Nf3 Qf6 13.Nb5 a6 14.Nxd6 Nxd6 15.e5 Qf5 16.Qxd6
Nb4 17.Bd3 Qg4 18.Be4 Bb7 19.Bxb7 Qf5 20.Rd2 Nxa2+ 21.Kd1 Qb1+ 22.Ke2 Qxh1
23.Kf2 Rab8 24.Be4 Qa1 25.Qxe6+ Kh8 26.Ng5 Rbe8 27.Nf7+ Rxf7 28.Qxe8+ Rf8 29.Qe7
Nb4 30.Rd8 Qxb2+ 31.Kg3 Kg8 32.Qe6+ Kh8 33.Rxf8+ Bxf8 34.Qf7 Bh6 35.e6 Qg7
36.Qe8+ Qg8 37.Qd7 g5 38.f5 Qb8+ 39.Kf2 Qxh2 40.Qd8+

[Event "7th EuropCh Women"]
[Site "Kusadasi / Turkey"]
[Date "2006.04.08"]
[Round "5"]
[Board "1"]
[White "Van Weersel, Arlette"]
[Black "Burtasova, Anna"]
[Result "0-1"]
[WhiteElo "2148"]
[BlackElo "2293"]
[PlyCount "92"]
[EventDate "2006.04.04"]
[EventRounds "11"]
[EventCountry "AUT"]

1.e4 c5 2.c4 Nc6 3.Ne2 Nf6 4.Nbc3 e6 5.d4 cxd4 6.Nxd4 Bb4 7.Nxc6 bxc6 8.Bd3 e5
9.O-O O-O 10.f4 d6 11.Na4 Re8 12.Qf3 d5 13.Kh1 Bg4 14.Qf2 dxe4 15.Bc2 Qd4 16.Be3
Qxc4 17.fxe5 Rxe5 18.Bb3 Qe2 19.Qg3 Rf5 20.Rxf5 Bxf5 21.Bxa7 Bg6 22.Rd1 h5 23.h3
Nd5 24.Nb6 h4 25.Qh2 Nxb6 26.Bxb6 c5 27.Qc7 e3 28.Rd8+ Rxd8 29.Qxd8+ Kh7
30.Qxh4+ Qh5 31.Qxh5+ Bxh5 32.Bc4 e2 33.Bxe2 Bxe2 34.a3 Be1 35.Bxc5 Kg6 36.Kh2
Kf5 37.Bd4 g6 38.Bb6 Ke4 39.Bd8 Bf2 40.a4 Bd1 41.a5 Be2 42.g4 Kf3 43.Bc7 Bd4
44.b4 f6 45.Bb6 Bxb6 46.axb6 Ba6

[Event "7th EuropCh Women"]
[Site "Kusadasi / Turkey"]
[Date "2006.04.08"]
[Round "5"]
[Board "1"]
[White "Wilson, Alexandra"]
[Black "Bashkite, Viktoria"]
[Result "0-1"]
[WhiteElo "2099"]
[BlackElo "2205"]
[PlyCount "94"]
[EventDate "2006.04.04"]
[EventRounds "11"]
[EventCountry "AUT"]

1.e4 e6 2.d4 d5 3.exd5 exd5 4.Nf3 Bd6 5.Bd3 Ne7 6.O-O Bg4 7.h3 Bh5 8.Nbd2 Nbc6
9.c3 Qd7 10.Re1 O-O-O 11.Qa4 Kb8 12.b4 Nxd4 13.Qxd7 Nxf3+ 14.Nxf3 Rxd7 15.Nd4
Bg6 16.Bxg6 hxg6 17.Be3 c6 18.a4 Nf5 19.Nxf5 gxf5 20.Bd4 f6 21.Re6 Rc8 22.Be3
Be5 23.Bd4 Bc7 24.Kf1 Bb6 25.a5 Bxd4 26.cxd4 a6 27.Rae1 Rh8 28.Ke2 Rh4 29.Kd3
Re4 30.f3 Rxe1 31.Rxe1 Kc7 32.Re6 f4 33.h4 Kd8 34.Re1 Re7 35.Rh1 g6 36.h5 g5
37.h6 Rh7 38.Ke2 Ke7 39.Kf2 Kf7 40.g3 fxg3+ 41.Kxg3 Kg6 42.f4 gxf4+ 43.Kxf4 Rxh6
44.Rg1+ Kf7 45.b5 Rh4+ 46.Ke3 cxb5 47.Rc1 Re4+

[Event "7th EuropCh Women"]
[Site "Kusadasi / Turkey"]
[Date "2006.04.08"]
[Round "5"]
[Board "1"]
[White "Makka, Evanthia"]
[Black "Shukurova, Meihriban"]
[Result "0-1"]
[WhiteElo "2046"]
[BlackElo "2205"]
[PlyCount "118"]
[EventDate "2006.04.04"]
[EventRounds "11"]
[EventCountry "AUT"]

1.e4 e5 2.Nf3 Nc6 3.Bc4 Nf6 4.d3 h6 5.O-O Bc5 6.a4 O-O 7.c3 Bb6 8.Nbd2 a6 9.Bb3
d6 10.Nc4 Ba7 11.a5 Kh8 12.Be3 Bxe3 13.Nxe3 Ne7 14.Re1 Ng6 15.Nf1 Nf4 16.d4 Qe7
17.Ng3 Nh7 18.Ne2 Ng6 19.Ng3 Ng5 20.Nxg5 Qxg5 21.dxe5 dxe5 22.Qc2 Nf4 23.f3 h5
24.Kh1 Bd7 25.Rad1 Bb5 26.c4 Bc6 27.Nf1 Ne6 28.Ne3 Nd4 29.Qc3 Rad8 30.Nd5 Bxd5
31.exd5 Rfe8 32.Ba4 c6 33.b4 f6 34.Rb1 Re7 35.dxc6 bxc6 36.Qe3 Qf5 37.Red1 Red7
38.Rdc1 Rd6 39.Kg1 Qe6 40.h3 Nf5 41.Qe1 g6 42.b5 cxb5 43.cxb5 Rd2 44.Bb3 Qd6
45.Bc4 Qd4+ 46.Kh1 axb5 47.Bxb5 Qf4 48.Bf1 Ne3 49.Be2 Nf5 50.Bf1 Ng3+ 51.Kg1
Qd4+ 52.Kh2 Nf5 53.Rc4 Qa7 54.Ra4 Qc7 55.Kh1 Qc2 56.Rba1 Rd1 57.Qb4 Ng3+ 58.Kg1
Nxf1 59.Rxd1 Qxd1

[Event "7th EuropCh Women"]
[Site "Kusadasi / Turkey"]
[Date "2006.04.08"]
[Round "5"]
[Board "1"]
[White "Bulmaga, Irina"]
[Black "Khudaverdieva, Afag"]
[Result "1/2-1/2"]
[WhiteElo "2002"]
[BlackElo "2156"]
[PlyCount "111"]
[EventDate "2006.04.04"]
[EventRounds "11"]
[EventCountry "AUT"]

1.e4 e6 2.d4 d5 3.exd5 exd5 4.Nf3 Bd6 5.c4 c6 6.Nc3 Ne7 7.c5 Bc7 8.Bd3 Nd7 9.O-O
O-O 10.Re1 Ng6 11.Bg5 f6 12.Bd2 Re8 13.Qc2 Ndf8 14.h3 Be6 15.b4 Qd7 16.Bf1 Bf5
17.Qb3 Kh8 18.Be3 Nf4 19.a4 N8g6 20.Bxf4 Nxf4 21.b5 Be4 22.Nd2 Bg6 23.b6 axb6
24.cxb6 Bd6 25.a5 Rxe1 26.Rxe1 Rxa5 27.Nf3 Bh5 28.Re3 Ra8 29.Ne2 Ra3 30.Qxa3
Nxe2+ 31.Bxe2 Bxa3 32.Rxa3 Kg8 33.Ra8+ Be8 34.Nd2 Qe7 35.Bg4 Kf7 36.Ra7 c5
37.dxc5 Qxc5 38.Rxb7+ Kg6 39.Rb8 Bc6 40.Nf1 Bb5 41.Rd8 Qxb6 42.Rxd5 Bc6 43.Rd1
h5 44.Be2 Ba4 45.Rd5 h4 46.Ne3 Qb1+ 47.Bf1 Kf7 48.Rd4 Bb5 49.Rxh4 Bxf1 50.Nxf1
g5 51.Rd4 Qa1 52.Rc4 Kg6 53.h4 Qd1 54.hxg5 fxg5 55.Rc5 Kf6 56.Rb5

[Event "7th EuropCh Women"]
[Site "Kusadasi / Turkey"]
[Date "2006.04.08"]
[Round "5"]
[Board "1"]
[White "Cherednichenko, Elena"]
[Black "Coimbra, Margarida"]
[Result "1/2-1/2"]
[WhiteElo "1977"]
[BlackElo "2070"]
[PlyCount "31"]
[EventDate "2006.04.04"]
[EventRounds "11"]
[EventCountry "AUT"]

1.d4 d5 2.c4 c6 3.cxd5 cxd5 4.Nc3 Nc6 5.Nf3 Nf6 6.Bf4 a6 7.e3 Bg4 8.Be2 Bxf3
9.Bxf3 e6 10.O-O Bd6 11.Bxd6 Qxd6 12.Rc1 O-O 13.Na4 Na5 14.b3 Rfc8 15.Qd2 Qd8
16.Rxc8

[Event "7th EuropCh Women"]
[Site "Kusadasi / Turkey"]
[Date "2006.04.09"]
[Round "6"]
[Board "1"]
[White "Muzychuk, Mariya"]
[Black "Bosboom Lanchava, Tea"]
[Result "0-1"]
[WhiteElo "2172"]
[BlackElo "2380"]
[PlyCount "132"]
[EventDate "2006.04.04"]
[EventRounds "11"]
[EventCountry "AUT"]

1.e4 d6 2.Nc3 g6 3.f4 Bg7 4.Nf3 e5 5.fxe5 dxe5 6.Bc4 c6 7.O-O Nf6 8.d3 O-O 9.Kh1
b5 10.Bb3 Qe7 11.a4 b4 12.Ne2 Be6 13.Bxe6 Qxe6 14.Bd2 a5 15.b3 Nbd7 16.Qe1 Qe7
17.Qh4 Rae8 18.Bg5 Qc5 19.Rac1 h5 20.Ne1 Nh7 21.Bd2 Qd6 22.Be3 Nc5 23.Nf3 Ne6
24.Nd2 c5 25.Nc4 Qc7 26.Rf2 Rd8 27.Rcf1 Rd7 28.h3 f6 29.g4 g5 30.Qxh5 Nf4
31.Nxf4 exf4 32.Bc1 Rff7 33.h4 Qd8 34.Rh2 Nf8 35.hxg5 fxg5 36.Qh3 Bd4 37.Bd2 Rh7
38.Qf3 Qf6 39.Rh5 Ng6 40.Be1 Qe6 41.e5 Rxh5+ 42.gxh5 Nxe5 43.Nxe5 Qxe5 44.Bf2
Qd5 45.Qxd5+ Rxd5 46.Bxd4 cxd4 47.Kg2 Re5 48.Kf3 Kg7 49.Kg4 Kh6 50.Rf2 Re3
51.Kf5 Rh3 52.Rf1 Rxh5 53.Rg1 Kg7 54.Kg4 Kg6 55.Re1 Rh4+ 56.Kf3 Rh3+ 57.Kf2 Kf5
58.Re4 g4 59.Rxd4 Rh2+ 60.Kg1 g3 61.Rc4 Rd2 62.Rc8 Kg4 63.Kf1 Kf3 64.Ke1 Re2+
65.Kd1 g2 66.Rg8 Rf2

[Event "7th EuropCh Women"]
[Site "Kusadasi / Turkey"]
[Date "2006.04.09"]
[Round "6"]
[Board "1"]
[White "Dworakowska, Joanna"]
[Black "Atalik, Ekaterina"]
[Result "1/2-1/2"]
[WhiteElo "2364"]
[BlackElo "2379"]
[PlyCount "73"]
[EventDate "2006.04.04"]
[EventRounds "11"]
[EventCountry "AUT"]

1.e4 e5 2.Nf3 Nc6 3.d4 exd4 4.Nxd4 Bc5 5.Nxc6 Qf6 6.Qd2 Qxc6 7.Bd3 Nf6 8.O-O O-O
9.b4 Bd4 10.c3 Bb6 11.c4 a5 12.Nc3 axb4 13.Nd5 Nxd5 14.exd5 Qd6 15.Bb2 Bc5
16.Rfe1 Qh6 17.Qxh6 gxh6 18.Re4 f5 19.Rf4 d6 20.g4 Bd7 21.gxf5 Kf7 22.Kf1 Rg8
23.Rh4 Rg5 24.Rxh6 Kg8 25.Bf6 Bxf5 26.Rd1 Bxd3+ 27.Rxd3 Rg6 28.Rxg6+ hxg6 29.Rd2
Ra3 30.Re2 c6 31.Bg5 cxd5 32.cxd5 b5 33.Re8+ Kf7 34.Re7+ Kf8 35.Rd7 Rxa2 36.Rd8+
Kf7 37.Rd7+

[Event "7th EuropCh Women"]
[Site "Kusadasi / Turkey"]
[Date "2006.04.09"]
[Round "6"]
[Board "1"]
[White "Shadrina, Tatiana"]
[Black "Pogonina, Natalija"]
[Result "1/2-1/2"]
[WhiteElo "2371"]
[BlackElo "2440"]
[PlyCount "98"]
[EventDate "2006.04.04"]
[EventRounds "11"]
[EventCountry "AUT"]

1.e4 c5 2.Nf3 d6 3.d4 cxd4 4.Nxd4 Nf6 5.Nc3 g6 6.g3 Bg7 7.Bg2 O-O 8.O-O Bg4
9.Nde2 Qc8 10.Re1 Nc6 11.f3 Bd7 12.Nf4 Re8 13.a4 Na5 14.Ra2 Be6 15.Nxe6 Qxe6
16.Nd5 Qc8 17.Bg5 Nxd5 18.exd5 Qc7 19.Re4 Rac8 20.c3 Nc4 21.Bf1 Qb6+ 22.Kg2 Nxb2
23.Qb1 Nc4 24.Qxb6 Nxb6 25.Bb5 f5 26.Re6 Rf8 27.Bxe7 Rf7 28.Bxd6 Nxd5 29.Rae2
Nf6 30.Re7 Rxe7 31.Rxe7 a6 32.Bf1 Nd5 33.Rxb7 Ne3+ 34.Kf2 Nxf1 35.Kxf1 Bxc3
36.Ke2 Rc6 37.Bf4 Bf6 38.Bd2 Re6+ 39.Kf1 Rc6 40.a5 Rc2 41.Ke1 Bc3 42.Bxc3 Rxc3
43.Rb6 Rxf3 44.Rxa6 Ra3 45.Ra7 g5 46.Ke2 f4 47.gxf4 gxf4 48.a6 h6 49.Kf2 Kh8

[Event "7th EuropCh Women"]
[Site "Kusadasi / Turkey"]
[Date "2006.04.09"]
[Round "6"]
[Board "1"]
[White "Zhukova, Natalia"]
[Black "Hryhorenko, Nataliya"]
[Result "1-0"]
[WhiteElo "2425"]
[BlackElo "2323"]
[PlyCount "69"]
[EventDate "2006.04.04"]
[EventRounds "11"]
[EventCountry "AUT"]

1.e4 e6 2.d4 d5 3.Nc3 Bb4 4.e5 c5 5.a3 Bxc3+ 6.bxc3 Ne7 7.Qg4 O-O 8.Bd3 f5
9.exf6 Rxf6 10.Bg5 Rf7 11.Qh5 g6 12.Qd1 Qa5 13.Bd2 Nbc6 14.Nf3 Qc7 15.O-O e5
16.Nxe5 Nxe5 17.dxe5 Qxe5 18.c4 d4 19.f4 Qc7 20.Qf3 Bf5 21.Rae1 Raf8 22.g4 Bxd3
23.cxd3 Qc6 24.Qh3 b5 25.cxb5 Qxb5 26.Re5 Nc6 27.Re6 Nd8 28.Re4 Qb2 29.Bc1 Qc2
30.Qf3 Rd7 31.f5 gxf5 32.Re2 Qb3 33.Bh6 Qd5 34.Bxf8 Kxf8 35.Qxf5+

[Event "7th EuropCh Women"]
[Site "Kusadasi / Turkey"]
[Date "2006.04.09"]
[Round "6"]
[Board "1"]
[White "Danielian, Elina"]
[Black "Gavasheli, Ana"]
[Result "1-0"]
[WhiteElo "2422"]
[BlackElo "2244"]
[PlyCount "49"]
[EventDate "2006.04.04"]
[EventRounds "11"]
[EventCountry "AUT"]

1.Nf3 c5 2.g3 d5 3.Bg2 Nc6 4.d4 e6 5.O-O Nf6 6.c4 Be7 7.dxc5 Bxc5 8.a3 O-O 9.Qc2
Be7 10.Rd1 Qc7 11.cxd5 exd5 12.Nc3 Be6 13.Bf4 Qc8 14.Rac1 Rd8 15.b4 Bf5 16.Qa2
d4 17.Nb5 d3 18.Nc7 dxe2 19.Qxe2 Rxd1+ 20.Qxd1 Rb8 21.Nd5 Nxd5 22.Qxd5 Be6
23.Qe4 f5 24.Qe3 Ra8 25.b5

[Event "7th EuropCh Women"]
[Site "Kusadasi / Turkey"]
[Date "2006.04.09"]
[Round "6"]
[Board "1"]
[White "Mamedjarova, Turkan"]
[Black "Houska, Jovanka"]
[Result "0-1"]
[WhiteElo "2280"]
[BlackElo "2378"]
[PlyCount "80"]
[EventDate "2006.04.04"]
[EventRounds "11"]
[EventCountry "AUT"]

1.e4 e5 2.Nf3 Nc6 3.Nc3 Nf6 4.d4 exd4 5.Nxd4 Bb4 6.Nxc6 bxc6 7.Bd3 O-O 8.O-O d5
9.exd5 cxd5 10.Bg5 c6 11.Qf3 Be7 12.h3 h6 13.Bf4 Bd6 14.Ne2 Rb8 15.b3 c5 16.Bxd6
Qxd6 17.Qg3 Rd8 18.Rad1 Be6 19.Rfe1 a5 20.Qxd6 Rxd6 21.Nc3 Rdd8 22.Na4 Rdc8
23.Bf1 h5 24.Re5 g6 25.Nc3 Kg7 26.Ne2 Nd7 27.Re3 d4 28.Red3 a4 29.Nf4 Bf5
30.R3d2 Nf6 31.Bd3 Bxd3 32.Rxd3 g5 33.Ne2 Nd5 34.c3 Re8 35.Kf1 axb3 36.axb3 Rxe2
37.Kxe2 Nf4+ 38.Kd2 Nxd3 39.Kxd3 Rxb3 40.Rc1 Kf6